000 01392cam a2200361 a 4500
001 EDZ0000076939
003 StDuBDS
005 20161031105150.0
006 m||||||||d||||||||
007 cr |||||||||||
008 120418s2007 enk fo| 001|0|eng d
020 _a9781446216026 (ebook) :
_cNo price
040 _aStDuBDS
_beng
_cStDuBDS
_epn
049 _aAlfaisal Main Library
050 0 _aPN5119
_b.B75 2007
082 0 4 _a072
_223
100 1 _aBrighton, Paul,
_d1959-
245 1 0 _aNews values
_h[electronic resource] /
_cPaul Brighton and Dennis Foy.
260 _aLondon :
_bSAGE,
_c2007.
300 _a1 online resource (viii, 205 p.)
520 8 _aPaul Brighton and Dennis Foy analyse the shape of the news industry - a world of rolling news and multimedia platforms, and a world where broadcast news is increasingly considered another element of show business.
521 _aSpecialized.
588 _aDescription based on print version record.
504 _aIncludes bibliographical references and index.
650 0 _aJournalism
_zGreat Britain.
650 0 _aJournalism
_xSocial aspects
_zGreat Britain.
655 7 _aElectronic books.
_2local
700 1 _aFoy, Dennis.
710 2 _aSage eBooks
776 0 8 _iPrint version :
_z9781412946001
856 4 0 _uhttp://ezproxy.alfaisal.edu/login?url=http://sk.sagepub.com/books/news-values
942 _2lcc
_cEBOOKS
999 _c480757
_d480757